| 000 | 00678nam a2200181 i 4500 | ||
|---|---|---|---|
| 001 | 152368 | ||
| 003 | ES-MaACL | ||
| 005 | 20250929063217.0 | ||
| 008 | 051011s1860 fr a |||| | fre d | ||
| 040 |
_aCAM _bspa _cCAM |
||
| 100 | 1 |
_aBonnafont, Jean Pierre, _d1805-1891 _9126065 |
|
| 245 | 1 | 0 |
_aTraité théorique et pratique des maladies de l'oreille et des organes de l'audition / _cpar J.P. Bonnafont. |
| 260 |
_aParis [etc] : _bJ.B. Baillière et Fils, _c1860 ( _eCorbeil : _fTypographie de Crété) |
||
| 300 |
_aX, 665 P. : _bil. ; _c21 cm. |
||
| 650 | 4 |
_aOído- _xEnfermedades. _9136645 |
|
| 852 |
_aES-MaACL _jA-4834 _z-- Enc. hol. |
||
| 999 |
_c152368 _d152368 |
||